1400 1745 1928 1361 1053 1460 1337 1043 1412 1061 1451 1814 1061 1669 1242 1426 1914 1861 1517 1235 1621 1126 1978 1064 1000 1157 1915 1035 1090 1620 1721 1976 1215 1476 1057 1304 1406 1636 1600 1774 1827 1051 1902 1716 1791 1324 1381 1146 1136 1329 1333 1872 1063 1122 1207 1264 1827 1775 1402 1721 1826 1705 1344 1804 1473 1674 1767 1545 1052 1494 1563 1294 1073 1118 1559 1669 1884 1592 1223 1709 1529 1502 1929 1125 1714 1241 1378 1667 1604 1928 1625 1548 1970 1737 1535 1889 1828 1359 1438 BCNSPRNW ULIB Ver.6.0+V

เปลี่ยนเป็นภาษาไทย

Change to English
 แสดงรายละเอียดบรรณานุกรม
  กลับหน้าหลัก

Brief Record : Get Marc (ISO 2709) : E-mail record : QR code < ปิดหน้าต่าง
LEADER : 00000nam 2200000uu 4500
001    13399122455
003     ULIB
008    020711s2550 th a 000 0 tha d
020    9789741643813
090    นว.^bล712ร
100    ลูกชุบ
245    รักร้ายหัวใจไม่ได้ล๊อค Triple Nine Apartment /^bลูกชุบ
250    พิมพ์ครั้งที่ 1
260    กรุงเทพฯ :^bแจ่มใส,^c2550
300    273 หน้า
710 1  แจ่มใส
945    ^p199^l0^i19951
999    ^aทศพร เกษรทอง
รายการนี้ยังไม่มีแท็ก
คุณยังไม่ได้ล็อกอิน คุณสามารถมีกิจกรรมร่วมกับเว็บไซต์ได้ แต่ต้องล็อกอินก่อน ::
  ล็อกอิน

รายการสื่อสารสนเทศ

ลำดับที่ ประเภท เลขเรียก/บาร์โค้ด สถานที่ สถานะ
1. นวนิยาย
นวนิยาย
นว. ล712ร ฉ.1 
  Barcode: 19951
ห้องสมุดวิทยาเขตสวรรค์ประชารักษ์
►นวนิยาย
บนชั้น
  ขอยืม

รายการใกล้เคียง
    ผู้แต่ง [ลูกชุบ]

BibComment


ยังไม่เคยถูกคอมเมนท์

คอมเมนท์ทรัพยากรรายการนี้
  คอมเมนท์: รักร้ายหัวใจไม่ได..


 Copyright 2026. Bcnsprnw @Library